| 000 | 00646nam a2200181Ia 4500 | ||
|---|---|---|---|
| 008 | 090124s9999 xx 000 0 und d | ||
| 082 | _b3987 | ||
| 100 | _aप्रभू सीताराम गोपाळ | ||
| 245 | _a शिवबा झालासे कळस | ||
| 250 | _a0 | ||
| 260 |
_bत्रिदल प्रकाशन _c1970 |
||
| 300 | _a92 | ||
| 600 | _aप्रभू सीताराम गोपाळ | ||
| 630 | _a शिवबा झालासे कळस | ||
| 700 | _aप्रभू सीताराम गोपाळ | ||
| 730 | _a शिवबा झालासे कळस | ||
| 942 | _cBOOK | ||
| 999 |
_c83287 _d83287 |
||